00000000nam##2200000za#4500
0019.540082
003CaOODSP
00520200709171149
007ta
008150406|2005||||xxc|||||     f|0| 0 eng|d
040 |aCaOODSP|beng
041 |aeng
041 |afre
043 |an-cn---
0861 |aRv55-5/11-4-20-2005
1102 |aCanada Border Services Agency.
24510|aProcedures for verifications of origin under a free trade agreement
260 |bCanada Border Services Agency
300 |aEnglish text, 21p. : |breferences ; |c28 cm.
4901 |aCustoms D memoranda. D11, General tariff information |vD11-4-20, June 29, 2005
563 |aLoose-leaf
7760#|tProcedures for verifications of origin under a free trade agreement |w(CaOODSP)9.580872
7760#|tProcédures pour les vérifications de l'origine dans le cadre d'un accord de libre-échange |w(CaOODSP)9.607809
792 |tProcédures pour les vérifications de l'origine dans le cadre d'un accord de libre-échange |efre|w(CaOODSP)9.540083
830#0|aCustoms D memoranda. D11, General tariff information ;|vD11-4-20, June 29, 2005|w(CaOODSP)9.510862
986 |aD11-4-20